Statistiken für Sprachen in Europa (und Dialekte)

Klicken Sie hier um das Quiz zu spielen!

Allgemein

  • Dieses Quiz wurde 252 mal gespielt
  • Das Durchschnittsergebnis liegt bei 37 aus 110

Antwortstatistiken

MuttersprachlerSprache FamilieSprache% Korrekt
97,000,000GermanischDeutsch
99%
71,500,000RomanzeFranzösisch‎
96%
106,000,000SlawischRussisch
96%
65,000,000Romanze‎Italienisch‎
94%
38,000,000Romanze‎Spanisch‎
94%
63,000,000GermanischEnglisch
91%
38,500,000Slawisch‎Polnisch‎
90%
11,100,000GermanischSchwedisch‎
90%
12,000,000TurkTürkisch‎
89%
5,200,000Germanisch‎Norwegisch‎
88%
24,000,000Romanze‎Rumänisch‎
87%
5,500,000GermanischDänisch‎
84%
5,400,000UralicFinnisch‎
84%
20,000Hellenisch‎Griechisch‎
83%
11,000,000Hellenisch‎Griechisch‎
83%
5,600,000SlawischKroatisch‎
83%
5,877,100Albanian‎Albanisch‎‎
82%
9,000,000SlawischSerbisch‎
82%
32,600,000SlawischUkrainisch‎
82%
13,000,000Uralic‎Ungarisch‎
82%
10,600,000SlawischTschechisch‎
81%
10,000,000RomanzePortugiesisch‎
80%
2,100,000SlawischSlowenisch‎
80%
7,800,000SlawischBulgarisch‎
79%
1,750,000BaltischLettisch‎
77%
5,200,000SlawischSlowakisch‎
76%
240,000Keltisch‎Irisch‎
74%
2,500,000SlawischBosnisch
70%
330,000Germanisch‎Isländisch‎
68%
3,000,000Baltic‎Litauisch‎
65%
22,000,000GermanischHolländisch‎
59%
1,165,400Uralic‎Estnisch‎
56%
110,000Germanisch‎Schottisch‎
54%
57,000Keltisch‎Schottisch-Gälisch‎
54%
1,400,000SlawischMazedonisch
52%
4,000,000Romanze‎Katalanisch‎
51%
750,000Baskisch‎‎Baskisch‎
50%
5,000,000GermanischSchweizerdeutsch‎
50%
336,000Germanisch‎Luxemburgisch‎
47%
520,000
Semitisch
‎Maltesisch‎
44%
562,000Keltisch‎Walisisch‎
44%
3,300,000SlawischBelarussisch‎
39%
900,000GermanischRipuarian (Platt)
37%
3,700,000KartvelianGeorgisch‎
35%
40,000Romanze‎Rätoromanisch‎
35%
470,000Germanisch‎Friesisch‎
34%
240,700Slawisch‎Montenegrinisch‎
30%
20,000‎Slawisch‎‎Sorbisch‎
25%
4,700,000Romanze‎Sizilianisch‎
24%
2,400,000Romanze‎Galizisch‎
23%
600,000Germanisch‎Jiddisch‎
21%
14,000,000Germanisch‎Österreichisch-Bayerisch‎
21%
30,000Romanze‎Korsisch‎
20%
500,000Turk‎Aserbaidschanisch‎
19%
206,000Keltisch‎Bretonisch‎
18%
23,000UralicSami
17%
600,000Romanze‎Wallonisch‎
17%
1,000,000Turk‎Kasachisch‎
15%
1,350,000RomanzeSardisch‎
15%
30,000IranischTat
14%
66,150Germanisch‎Färöisch‎
12%
1,000,000Germanisch‎Niederdeutsch (Niedersächsisch)‎
12%
1,400,000NakhTschetschenisch‎
12%
5,700,000Romanze‎Neapolitanisch‎
11%
3,600,000RomanzeLombardisch‎
10%
522,000Slawisch‎Schlesisch‎
10%
11,000Germanisch‎Schlesisch‎
10%
4,300,000TurkTatarisch
10%
50,000‎Slawisch‎‎Kaschubisch‎
9%
36,000Uralic‎Karelisch‎
8%
50,000Romanze‎Normannisch‎
8%
3,800,000Romanze‎Venezianisch‎
8%
480,000Turk‎Krimtatarisch‎
7%
1,600,000Romanze‎Piemontesisch‎
6%
80,500
Mongolisch
‎Kalmückisch‎
5%
1,300,000GermanischLimburgisch‎
5%
1,100,000Turk‎Tschuwaschisch‎
5%
25,000Romanze‎Aragonesisch‎
4%
1,221,000Turk‎Baschkirisch‎
4%
600,000Romanze‎Friaul‎
4%
500,000Romanze‎Ligurisch‎
4%
340,000Uralic‎Udmurtisch‎
4%
140,000Turk‎Gagausisch‎
3%
500,000Uralic‎Mari
3%
351,791Romanze‎Asturisch‎
2%
750,000Avar-Andic‎Awarisch‎
2%
300,000Nakh‎Inguschisch‎
2%
300,000Turk‎Karatschai-Balkarisch‎
2%
500,000RomanzeOccitan
2%
117,500CircassianAdyghe
1%
114,000Romanze‎Aromunisch‎
1%
16,000Germanisch‎Jenisch‎
1%
4,900,000GermanischMainfränkisch
1%
87,000UralicVõro
1%
120,000UralicErzian
0%
200,000RomanzeExtremaduran
0%
140,000RomanzeFranco-Provençal
0%
530,000CircassianKabardisch‎
0%
220,000Uralic‎Kommen‎
0%
320,000GermanischLadino
0%
15,000RomanzeMirandese
0%
4,000Uralic‎Nenzen‎
0%
2,000,000GermanischObersächsisch‎
0%
450,000Indo-Iranisch‎Ossetien‎
0%
1,000,000Germanisch‎Pfalz Deutsch‎
0%
200,000RomanzePicard
0%
1,500,000Indo-Iranisch‎Römer‎
0%
820,000Germanisch‎Schwäbisches Deutsch‎
0%
126,000LezgicTabasaran
0%
20,000Germanisch‎Walser Deutsch‎
0%

Verteilung der Resultate

Perzentil nach korrekt beantworteten Fragen

Anzahl Personen mit jedem Resultat

Ihre Resultats-Entwicklung

Sie haben dieses Quiz noch nicht gespielt